000
00393nam a2200169Ia 4500
005
20250507125906.0
008
008 250505s9999 xx 000 0 eng d
037
_a
Bound Volumes
040
_a
EASL
_b
eng
_c
EASL
041
_a
eng
_2
eng
084
_q
EASL
245
0
_a
Foreign Policy
260
_c
0000
490
_v
V. 198-203
942
_c
CR
999
_c
1314772
_d
1314772